Aplikácia a komparácia prieskumu Bancela a Mittoa v znaleckej praxi SR

Pojmy používané v zahraničnej literatúre v súvislosti s hodnotou. Výnosové metódy. Popularita metód ohodnotenia medzi znalcami v SR a expertami v Európe.

Salvato in:
Dettagli Bibliografici
Autore principale: Majdúchová, Helena, 1963-
Altri autori: Siváková, Bernadeta
Natura: Capitolo di libro
Lingua:slovacco
Soggetti:
Tags: Aggiungi Tag
Nessun Tag, puoi essere il primo ad aggiungerne!!

MARC

LEADER 00000naa a2200000 4500
001 0212269
005 20240502073535.1
041 0 |a slo 
044 |a SK 
245 1 0 |a Aplikácia a komparácia prieskumu Bancela a Mittoa v znaleckej praxi SR  |c Helena Majdúchová, Bernadeta Siváková 
520 |a Pojmy používané v zahraničnej literatúre v súvislosti s hodnotou. Výnosové metódy. Popularita metód ohodnotenia medzi znalcami v SR a expertami v Európe. 
610 2 0 |a znalectvo 
610 2 0 |a oceňovanie ekonomické 
610 2 0 |a hodnota podniku 
610 2 0 |a hodnota pridaná ekonomická 
610 2 0 |a znalci 
100 1 |a Majdúchová, Helena, 1963- 
700 1 |a Siváková, Bernadeta